000 00817nam a2200265 4500
001 14188
003 ES-MaACL
005 20251015063040.0
007 t|
008 000000s19860000sp ||||0| spa d
016 7 _zIBH8705208018
020 _a84-206-4505-2
040 _aIBH
_bspa
_cM-BN-DP
080 _a849.9-31"19"
100 1 _aCatalà, Víctor,
_d1869-1966
_937006
245 1 0 _aSoledad /
_cVíctor Catalá ; versión española de Basilio Losada.
260 _aMadrid :
_bAlianza Editorial,
_cD.L. 1986.
300 _a194 p ;
_c21 cm.
490 1 _aBiblioteca de cultura catalana ;
_v5
700 1 _aLosada, Basilio,
_d1930-
_974251
830 0 _aBiblioteca de cultura catalana ;
_v5
_9178600
852 _aES-MaACL
_jL-21411
_bR.112411
999 _c14188
_d14188